Habermas y la modernidad

Uloženo v:
Podrobná bibliografie
Hlavní autoři: Guiddens, Anthony (Autor), Habermas, Jürgen (Autor), Jay, Martin (Autor)
Médium: Kniha
Jazyk:španělština
Vydáno: Madrid Cátedra 1991
Vydání:2a. ed
Edice:Colección Teorema
Témata:
Tagy: Přidat tag
Žádné tagy, Buďte první, kdo vytvoří štítek k tomuto záznamu!

MARC

LEADER 00000nam a2200000 a 4500
001 UCY5488
003 CL-VaPUC
008 950511e19910000SP |||||||||||||||||spa|d
020 |a 8437607469 
082 0 4 |a 149.9  |b GUI  |2 21 
100 |a Guiddens, Anthony  |e author  |9 435159 
700 |a Habermas, Jürgen  |e author  |9 334310 
700 |a Jay, Martin  |e author  |9 592329 
245 1 0 |a Habermas y la modernidad 
250 |a 2a. ed 
300 |a 346 p 
942 |c BK 
945 |d 19950511 00:00:00  |a aalvarez 
260 |a Madrid  |b Cátedra  |c 1991 
600 0 7 |a HABERMAS, JURGEN  |2 CL-VaPUC  |9 334312 
650 0 |a Modernidad   |9 265371 
583 |a last modification  |c 19950511 00:00:00  |k Rodrigo Vera 
490 0 |a Colección Teorema 
999 |c 233144  |d 233142 
952 |0 0  |1 0  |2 ddc  |4 0  |6 149_900000000000000_GUI_1991  |7 0  |8 A  |9 238405  |a BIBCUR  |b BIBCUR  |c PAC  |d 2019-11-18  |i 328865K  |o 149.9 GUI 1991  |p 328865K  |r 2025-04-22  |w 2019-11-18  |y BK  |k PER 
952 |0 0  |1 0  |4 0  |6 149_900000000000000_GUI_1991  |7 0  |8 A  |9 238406  |a BIBCUR  |b BIBCUR  |d 2019-11-18  |i 4592549  |l 1  |o 149.9 GUI 1991  |p 4592549  |r 2025-04-22  |s 2022-04-29  |w 2019-11-18  |y BK  |k PER